Map of the World - A380 edition - Statistics

General Stats
  • This quiz has been taken 76 times
    74 since last reset
  • The average score is 30 of 34
Answers on the Map
Answers color-coded by a green-red scale on the quiz's map according to % correct below.
 
Answer Stats
Answer % Correct
Canada
100%
China
100%
India
100%
United Kingdom
100%
United States
100%
France
98%
Germany
98%
Saudi Arabia
98%
Spain
98%
United Arab Emirates
98%
Australia
96%
Japan
96%
Qatar
96%
South Korea
96%
Brazil
94%
Indonesia
94%
Russia
94%
South Africa
94%
Italy
92%
Netherlands
92%
Thailand
92%
New Zealand
90%
Turkey
90%
Egypt
88%
Switzerland
86%
Austria
84%
Denmark
84%
Singapore
82%
Malaysia
80%
Czechia
75%
Taiwan
75%
Morocco
73%
Jordan
59%
Mauritius
43%
No matching quizzes found
Score Distribution
Percent of People with Each Score
Percentile by Number Answered
Your Score History
You have not taken this quiz since the last reset